La septicemia y la piohemia (Record no. 155314)

MARC details
000 -LEADER
campo de control de longitud fija 00686nam a22001575i 4500
001 - NÚMERO DE CONTROL
campo de control 155314
003 - IDENTIFICADOR DE NÚMERO DE CONTROL
campo de control ES-MaACL
005 - FECHA Y HORA DE LA ÚLTIMA TRANSACCIÓN
campo de control 20230906210030.0
008 - DATOS DE LONGITUD FIJA--INFORMACIÓN GENERAL
campo de control de longitud fija 970226s1880 sp |||| | spa d
040 ## - FUENTE DE CATALOGACIÓN
Centro catalogador/agencia de origen CLM
Lengua de catalogación spa
Centro/agencia transcriptor CCPB | SIC
100 1# - ENTRADA PRINCIPAL--NOMBRE DE PERSONA
Nombre de persona Hernández Briz, Baltasar.
9 (RLIN) 62895
245 13 - MENCIÓN DEL TÍTULO
Título La septicemia y la piohemia
Resto del título : (estudio comparativo y crítico) /
Mención de responsabilidad, etc. tesis sostenida en la Facultad de Medicina de la Universidad Central para optar algrado de doctor por Baltasar Hernandez Briz.
260 ## - PUBLICACIÓN, DISTRIBUCIÓN, ETC.
Lugar de publicación, distribución, etc. Madrid :
Nombre del editor, distribuidor, etc. [s.n.],
Fecha de publicación, distribución, etc. 1880 (
Fabricante Establecimiento tipográfico de Gregorio Juste)
300 ## - DESCRIPCIÓN FÍSICA
Extensión 48 p. ;
Dimensiones 26 cm.
852 ## - LOCALIZACIÓN
Ubicación ES-MaACL
Número de control de estantería T-634-F-8
Nota libre -- Enc. hol.
-- -- Enc. en un vol. facticio
Holdings
Estatus retirado Estado de pérdida Estado de daño No para préstamo Colección Biblioteca de origen Biblioteca actual Ubicación en estantería Fecha de adquisición Total de préstamos Signatura topográfica completa Código de barras Visto por última vez Precio de reemplazo Tipo de ítem Koha
        Colección de folletos Biblioteca del Ateneo de Madrid Biblioteca del Ateneo de Madrid Depósito folletos 17/01/2008   T-634-F-8 1162466 23/02/2023 23/02/2023 Folleto